[Event "Goodbye Summer Open"]
[Site "Omis CRO"]
[Date "2005.10.16"]
[Round "9"]
[White "Ljubicic,F"]
[Black "Rezan,S"]
[Result "1/2-1/2"]
[WhiteElo "2400"]
[BlackElo "2421"]

1.e4 c5 2.c3 Nf6 3.e5 Nd5 4.d4 cxd4 5.Nf3 d6 6.Qxd4 e6 7.exd6 Qxd6 8.Na3 Nc6
9.Qe4 a6 10.Nc4 Qc7 11.a4 Be7 12.Be2 O-O 13.O-O b6 14.Bd3 g6 15.Bh6 Rd8 16.Rfd1 Bb7
17.Qe2 Bf6 18.g3 Rd7 19.Be4 Rad8 20.Ne3 Nce7 21.Nxd5 Nxd5 22.Rac1 Bh8  1/2-1/2

[Event "Chigorin Mem"]
[Site "St Petersburg RUS"]
[Date "2005.10.16"]
[Round "2"]
[White "Tsapko,D"]
[Black "Shimanov,A"]
[Result "0-1"]
[WhiteElo "2137"]
[BlackElo "2279"]

1.e4 c5 2.c3 Nf6 3.e5 Nd5 4.d4 cxd4 5.cxd4 Nc6 6.Bc4 Nb6 7.Bb3 d5 8.Nc3 Bf5
9.a3 e6 10.Nge2 Be7 11.Ba2 Rc8 12.O-O a6 13.Kh1 h5 14.f4 h4 15.Bb1 Bxb1 16.Rxb1 g6
17.Na4 Nxa4 18.Qxa4 Qd7 19.Qd1 Bd8 20.b4 Ne7 21.Rf3 Nf5 22.Rh3 Rc4 23.g4 Nh6
24.Ng1 Qc6 25.Bb2 Be7 26.Rd3 Kd7 27.h3 Rc8 28.Nf3 Rc2 29.Rd2 Rc4 30.Qb3 Qb5
31.Qe3 Rh8 32.Qe2 Qa4 33.Qd1 Qxd1+ 34.Rdxd1 Rhc8 35.Rbc1 Rc2 36.Rxc2 Rxc2
37.Rd2 Rxd2 38.Nxd2 Kc6 39.Kg2 Kb5 40.Nb3 b6 41.Kf3 Ka4 42.Nd2 a5 43.bxa5 bxa5
44.Ke3 Bxa3 45.Bc3 Bb4 46.Kd3 Kb5 47.Nf3 Bxc3 48.Kxc3 a4 49.Nxh4 a3 50.Kb3 a2
51.Kxa2 Kc4 52.g5 Ng8 53.f5 gxf5 54.Nf3 Kd3 55.h4 Ke4 56.Nd2+ Kf4 57.Kb3 Kg4
58.Kb4 Ne7 59.Kc5 f4 60.Kd6 Nf5+ 61.Kd7 Nxh4 62.Ke7 Kxg5 63.Kxf7 Kf5 64.Ke7 f3
65.Kd6 f2 66.Kd7 Nf3  0-1

[Event "12th Young Masters"]
[Site "Zug SUI"]
[Date "2005.10.16"]
[Round "9"]
[White "Ragger,M"]
[Black "Widmer,S"]
[Result "1-0"]
[WhiteElo "2433"]
[BlackElo "2201"]

1.e4 c5 2.c3 Nf6 3.e5 Nd5 4.Nf3 Nc6 5.Bc4 Nb6 6.Bb3 g6 7.d4 cxd4 8.Ng5 d5
9.exd6 e6 10.Qf3 Ne5 11.Qe2 Bg7 12.f4 Nc6 13.f5 Qxd6 14.O-O d3 15.Qf2 Ne5
16.Ne4 Qc6 17.f6 Bf8 18.Qd4 Nbd7 19.Bf4 Qb6 20.Nbd2 Nc6 21.Qxb6 Nxb6 22.Rae1 Bd7
23.Re3 O-O-O 24.Rxd3 Na5 25.Rd1 Nxb3 26.axb3 Nd5 27.Be5 b6 28.Nf3 Bc5+ 29.Nxc5 bxc5
30.Ng5 Rdf8 31.c4 Nb6 32.Bd6  1-0

[Event "Chigorin Mem"]
[Site "St Petersburg RUS"]
[Date "2005.10.17"]
[Round "3"]
[White "Kharitonov,E"]
[Black "Fedorovtsev,I"]
[Result "1-0"]
[WhiteElo "2217"]
[BlackElo "2070"]

1.e4 c5 2.c3 Nf6 3.e5 Nd5 4.Nf3 Nc6 5.Bc4 Nb6 6.Bb3 e6 7.O-O d5 8.d4 cxd4
9.cxd4 Be7 10.Nc3 a6 11.Bc2 Nd7 12.Ne2 Nf8 13.g3 h5 14.h4 g6 15.a3 Bd7 16.b4 b5
17.Bg5 Bxg5 18.Nxg5 Ne7 19.Nf4 Rc8 20.Nd3 Nf5 21.Nc5 Bc6 22.Nxa6 Nh7 23.Bxf5 exf5
24.Nxh7 Rxh7 25.Qd2 Kf8 26.Nc5 Kg8 27.Rfe1 Rg7 28.e6 f6 29.Qh6 Qe7 30.Rac1 Be8
31.Nd3 Rc4 32.Qe3 g5 33.hxg5 fxg5 34.Qe5 f4 35.Qxd5 fxg3 36.fxg3 Qc7 37.Qe5 Qxe5
38.Nxe5 Rxd4 39.Rc8  1-0

[Event "SCG First League m"]
[Site "Vrnjacka Banja SCG"]
[Date "2005.10.17"]
[Round "1"]
[White "Markovic,Miros"]
[Black "Ristic,Nen"]
[Result "1-0"]
[WhiteElo "2489"]
[BlackElo "2450"]

1.e4 c5 2.c3 Nf6 3.d3 Nc6 4.Nf3 g6 5.g3 Bg7 6.Bg2 d5 7.exd5 Nxd5 8.O-O O-O
9.Re1 h6 10.Nbd2 e5 11.Nc4 Re8 12.a4 Bf5 13.a5 Qd7 14.Nh4 Be6 15.Qa4 Nde7
16.Nf3 f6 17.Nfd2 f5 18.Nf3 Qc7 19.Qb5 Rad8 20.Be3 a6 21.Qa4 Rxd3 22.Bxc5 e4
23.Nd4 Bd7 24.Nb6 Ne5 25.Qb3+ Kh7 26.Bxe7 Rxe7 27.Nd5 Qd6 28.Nxe7 Rxd4  1-0

[Event "Chigorin Mem"]
[Site "St Petersburg RUS"]
[Date "2005.10.18"]
[Round "4"]
[White "Nogin,V"]
[Black "Zakurdjaeva,I"]
[Result "0-1"]
[WhiteElo "2165"]
[BlackElo "2307"]

1.e4 c5 2.c3 Nf6 3.e5 Nd5 4.d4 cxd4 5.cxd4 Nc6 6.Nf3 d6 7.Bc4 Nb6 8.Bb5 d5
9.h3 Bf5 10.O-O e6 11.Bg5 Qd7 12.Nc3 h6 13.Be3 Be7 14.Rc1 Rc8 15.Na4 Nxa4
16.Qxa4 a6 17.Bxc6 Rxc6 18.Rxc6 Qxc6 19.Qxc6+ bxc6 20.Rc1 Kd7 21.Rc3 Rb8
22.Bc1 Bb4 23.Rb3 Bc2 24.Re3 a5 25.a3 Be7 26.Ne1 Bg6 27.Rc3 a4 28.Kf1 Rb3
29.Ke2 c5 30.Nf3 Be4 31.dxc5 Rxc3 32.bxc3 Kc6 33.Be3 Bxf3+ 34.gxf3 Bxc5 35.Bc1 Kb5
36.Kd3 Bxf2 37.Bf4 g5 38.Bc1 Bg3 39.Kd4 Bf4 40.Bb2 h5  0-1

[Event "SCG First League m"]
[Site "Vrnjacka Banja SCG"]
[Date "2005.10.20"]
[Round "4"]
[White "Simonovic,A"]
[Black "Vujacic,Bo"]
[Result "1-0"]
[WhiteElo "2419"]
[BlackElo "2377"]

1.e4 c5 2.c3 Nf6 3.e5 Nd5 4.Nf3 e6 5.Bc4 Nc6 6.O-O d6 7.d4 cxd4 8.cxd4 Nb6
9.Bb3 dxe5 10.dxe5 Qxd1 11.Rxd1 Be7 12.Nc3 O-O 13.Nb5 Nd7 14.Nc7 Rb8 15.Nxe6 Re8
16.Nc7 Rd8 17.Nd5 Rf8 18.e6 Nc5 19.Nxe7+ Nxe7 20.exf7+ Kh8 21.Bf4  1-0

[Event "Chigorin Mem"]
[Site "St Petersburg RUS"]
[Date "2005.10.21"]
[Round "7"]
[White "Sivokho,S"]
[Black "Vorobiov,E"]
[Result "0-1"]
[WhiteElo "2473"]
[BlackElo "2549"]

1.e4 c5 2.c3 Nf6 3.e5 Nd5 4.d4 cxd4 5.Nf3 Nc6 6.Bc4 Nb6 7.Bb3 d5 8.exd6 Qxd6
9.O-O Be6 10.Na3 dxc3 11.Qe2 Bxb3 12.Nb5 Qb8 13.axb3 e5 14.bxc3 Be7 15.Bg5 f6
16.Be3 Nc8 17.Nh4 O-O 18.Qg4 a6 19.Nf5 g6 20.Nxe7+ N6xe7 21.Qe6+ Kg7 22.Bc5 axb5
23.Bxe7 Nxe7 24.Qxe7+ Rf7 25.Qb4 Rxa1 26.Rxa1 Qc7 27.h3 h5 28.Ra5 e4 29.Ra8 Qe5
30.Rd8 e3 31.fxe3 Qxe3+ 32.Kh1 Qe1+ 33.Kh2 Qe5+ 34.Kh1 Re7 35.Qd6 Kh6 36.b4 h4
37.Qxe5 fxe5 38.Kg1 Kg5 39.Rd5 Kf4 40.Rxb5 Rd7 41.c4 e4 42.c5 Ke3 43.Rb6 Ke2
44.Rxg6 e3 45.b5 Rd5 46.c6 Rxb5 47.cxb7 Rxb7 48.g3 Rb2 49.Kg2 Kd1+ 50.Kf3 e2
51.Rd6+ Rd2 52.Re6 Rd3+ 53.Kg2 hxg3  0-1

[Event "Chigorin Mem"]
[Site "St Petersburg RUS"]
[Date "2005.10.21"]
[Round "7"]
[White "Airapetian,G"]
[Black "Kalegin,E"]
[Result "0-1"]
[WhiteElo "2281"]
[BlackElo "2470"]

1.e4 c5 2.c3 Nf6 3.e5 Nd5 4.d4 cxd4 5.Nf3 e6 6.cxd4 d6 7.Be3 Bd7 8.Bd3 Bc6
9.O-O Nd7 10.Qe2 a6 11.Bd2 dxe5 12.Nxe5 Nxe5 13.dxe5 Qh4 14.Nc3 Nxc3 15.Bxc3 Be7
16.b4 Rc8 17.b5 Bxg2 18.Kxg2 Rxc3 19.bxa6 bxa6 20.Bb5+ Kf8 21.Bxa6 g6 22.Kh1 Bg5
23.Rg1 Bf4 24.Rg2 Kg7 25.Qg4 Qh6 26.Rd1 Rh3 27.Kg1 Bxh2+ 28.Kf1 Bxe5 29.a4 Rh4
30.Qf3 Rxa4 31.Bb7 Qh1+ 32.Rg1 Qxf3 33.Bxf3 Rf4 34.Kg2 Rb8 35.Rge1 Bd4 36.Re2 e5
37.Rd3 Rb6 38.Be4 Bxf2  0-1

[Event "Chigorin Mem"]
[Site "St Petersburg RUS"]
[Date "2005.10.21"]
[Round "7"]
[White "Gavrilov,Al1"]
[Black "Ivanov,Al3"]
[Result "1-0"]
[WhiteElo "2481"]
[BlackElo "2312"]

1.e4 c5 2.c3 Nf6 3.e5 Nd5 4.Nf3 Nc6 5.Bc4 Nb6 6.Bb3 c4 7.Bc2 Qc7 8.Qe2 g5
9.h3 Bg7 10.Na3 Nxe5 11.Nxg5 d5 12.Nb5 Qd7 13.a4 h6 14.Nf3 Nxf3+ 15.Qxf3 O-O
16.d4 a6 17.Na3 Qe6+ 18.Be3 Bd7 19.a5 Nc8 20.O-O Nd6 21.Rfe1 Bc6 22.Bf4 Qf6
23.Qg3 Rae8 24.h4 Nf5 25.Bxf5 Qxf5 26.Bxh6 Qh7 27.Bxg7 Qxg7 28.Qh3 f6 29.Re3 Kh8
30.Rae1 Qh7 31.R1e2 Rg8 32.Nc2 Rg7 33.Rg3 Reg8 34.Rxg7 Rxg7 35.Qc8+ Rg8 36.Qe6 Rg7
37.Ne3  1-0

[Event "SCG First League w"]
[Site "Vrnjacka Banja SCG"]
[Date "2005.10.21"]
[Round "5"]
[White "Maric,M"]
[Black "Djingarova,E"]
[Result "1-0"]
[WhiteElo "2284"]
[BlackElo "2358"]

1.e4 c5 2.c3 Nf6 3.e5 Nd5 4.d4 cxd4 5.Nf3 e6 6.cxd4 d6 7.Bc4 Nb6 8.Bd3 dxe5
9.dxe5 N8d7 10.O-O Nc5 11.Bb5+ Bd7 12.Bxd7+ Qxd7 13.Qxd7+ Ncxd7 14.Nc3 Be7
15.Bf4 O-O 16.Rfd1 Rfd8 17.Kf1 h6 18.h4 Nc5 19.Ke2 Nca4 20.Nxa4 Nxa4 21.Rxd8+ Rxd8
22.Rc1 Nb6 23.g3 Nd5 24.Bd2 Bf8 25.Ne1 b6 26.Nd3 g6 27.a3 Kg7 28.Rc4 Rd7
29.Rc8 Be7 30.Rc4 b5 31.Rc6 Nb6 32.Bc3 Nc4 33.a4 a6 34.Rxa6 b4 35.Nxb4 Nxb2
36.Bxb2 Bxb4 37.Bc1 Rc7 38.Be3 Rc2+ 39.Kf3 Be1 40.Rd6 Ra2 41.Rd4 Bc3 42.Re4 Ba5
43.Rc4 Be1 44.g4 Ba5 45.Bc5 Bd8 46.h5 Bh4 47.Be3 Ra3 48.hxg6 Kxg6 49.Ke4 h5
50.gxh5+ Kxh5 51.Kd4 Bd8 52.Kc5 Be7+ 53.Kb5 Bd8 54.Rd4 Bc7 55.Rd7 Bxe5 56.Rxf7 Kg6
57.Rd7 Rb3+ 58.Kc4 Ra3 59.Kb4 Ra1 60.a5 Rb1+ 61.Kc4 Ra1 62.Kb5 Rb1+ 63.Kc6 Ra1
64.Kb6 Rb1+ 65.Ka7 Bc3 66.a6 e5 67.Ka8 Kf5 68.a7 Ba5 69.Rb7 Rh1 70.Rb5 Bc3
71.Kb7 Rh7+ 72.Ka6  1-0

[Event "II Open"]
[Site "Calvia ESP"]
[Date "2005.10.22"]
[Round "2"]
[White "Gomez Baillo,J"]
[Black "Epishin,V"]
[Result "0-1"]
[WhiteElo "2422"]
[BlackElo "2574"]

1.e4 c5 2.c3 Nf6 3.e5 Nd5 4.Nf3 Nc6 5.d4 cxd4 6.Bc4 e6 7.cxd4 d6 8.O-O Be7
9.Qe2 O-O 10.Nc3 Nxc3 11.bxc3 dxe5 12.dxe5 Qc7 13.Qe4 Rd8 14.h4 Bd7 15.Bd3 g6
16.h5 Be8 17.hxg6 hxg6  0-1

[Event "31st Guernsey Open"]
[Site "Cobo Bay GCI"]
[Date "2005.10.22"]
[Round "7"]
[White "Kirby,P"]
[Black "Gravett,A"]
[Result "1-0"]
[WhiteElo "2045"]
[BlackElo "1975"]

1.e4 c5 2.c3 Nf6 3.e5 Nd5 4.d4 cxd4 5.Qxd4 e6 6.Nf3 Nc6 7.Qe4 d6 8.Nbd2 Nxe5
9.Nxe5 dxe5 10.Qxe5 Qd6 11.Qxd6 Bxd6 12.Ne4 Bf4 13.Bxf4 Nxf4 14.g3 Nd5 15.Bg2 O-O
16.Nc5 b6 17.Nb3 Ba6 18.Bxd5 exd5 19.O-O-O Rad8 20.Rhe1 Bb7 21.Re7 Rb8 22.Rde1 a6
23.Nd4 g6 24.Rc7 Rfc8 25.Ree7 Rxc7 26.Rxc7 Kf8 27.Kd2 Ke8 28.Ke3 b5 29.a3 Ba8
30.Kf4 a5 31.b4  1-0

[Event "Chigorin Mem"]
[Site "St Petersburg RUS"]
[Date "2005.10.22"]
[Round "8"]
[White "Van de Oudeweetering,A"]
[Black "Vrublevskaya,O"]
[Result "1/2-1/2"]
[WhiteElo "2371"]
[BlackElo "2148"]

1.e4 c5 2.c3 Nf6 3.e5 Nd5 4.d4 cxd4 5.Nf3 Nc6 6.Bc4 Nb6 7.Bb3 d5 8.exd6 Qxd6
9.O-O Be6 10.Bxe6 Qxe6 11.Nxd4 Nxd4 12.Qxd4 Rd8 13.Qh4 Qe2 14.Bd2 h5 15.h3 Qc4
16.Qg3 h4 17.Qf3 Qd5 18.Qg4 Qc4 19.Qf3 Qd5 20.Qg4 Qc4 21.Qxc4 Nxc4 22.Bc1 g6
23.b3 Ne5 24.Be3 Nc6 25.Nd2 Bh6 26.Bxh6 Rxh6 27.Nf3 Rh5 28.Rfd1 Rhd5 29.Rxd5 Rxd5
30.Kf1 g5 31.Ke2  1/2-1/2

[Event "Chigorin Mem"]
[Site "St Petersburg RUS"]
[Date "2005.10.22"]
[Round "8"]
[White "Silivanov,S"]
[Black "Eidelson,R"]
[Result "1/2-1/2"]
[WhiteElo "2364"]
[BlackElo "2192"]

1.e4 c5 2.c3 Nf6 3.e5 Nd5 4.Nf3 Nc6 5.Bc4 Nb6 6.Bb3 c4 7.Bc2 g6 8.O-O Bg7
9.Qe2 d6 10.exd6 Qxd6 11.Na3 Qe6 12.Be4 f5 13.Bxc6+ bxc6 14.Re1 Qxe2 15.Rxe2 Ba6
16.Ne5 Rc8 17.Re1 O-O 18.b3 cxb3 19.axb3 Rc7 20.Nc2 Bc8 21.Nd4 a6 22.Nexc6 Re8
23.Ba3 Kf7 24.Bb4 Bb7 25.Ba5 Bxc6 26.Bxb6 Rb7 27.Nxc6 Rxb6 28.Na5 Rc8 29.f4 Bf8
30.g3 e6 31.Kg2 Rd8 32.Re2 h6 33.Nc4 Rxb3 34.Rxa6 Re8 35.Ne5+ Kg7 36.Nf3 Kf7
37.Nd4 Rb2 38.Nxe6 Bc5 39.Kf3 Bb6 40.Nc7 Bxc7 41.Ra7 Rc8 42.d4 Rxe2 43.Kxe2 g5
44.fxg5 hxg5 45.c4 Re8+ 46.Kd3 Re7 47.c5 f4 48.gxf4 gxf4 49.d5 f3 50.Ra2 Re5
51.Rf2  1/2-1/2

[Event "II Open"]
[Site "Calvia ESP"]
[Date "2005.10.23"]
[Round "4"]
[White "Gomez Baillo,J"]
[Black "Torres Samper,R"]
[Result "1-0"]
[WhiteElo "2422"]
[BlackElo "2111"]

1.e4 c5 2.c3 Nf6 3.e5 Nd5 4.Nf3 Nc6 5.Bc4 Nb6 6.Bb3 c4 7.Bc2 d5 8.exd6 exd6
9.O-O Be7 10.b3 Bg4 11.bxc4 Ne5 12.Be4 d5 13.cxd5 f5 14.Qb3 Nxf3+ 15.Bxf3 Bxf3
16.gxf3 Bd6 17.Re1+ Kf7 18.d4 Qh4 19.Re6 Qxh2+ 20.Kf1 Rhe8 21.Nd2 Nxd5 22.Rxe8 Qh1+
23.Ke2 Rxe8+ 24.Kd3 Qe1 25.Qxd5+ Re6 26.Qxf5+ Kg8 27.Bb2 Qe2+ 28.Kc2 h6 29.Rg1 Rf6  1-0

[Event "Open A"]
[Site "Liberec CZE"]
[Date "2005.10.23"]
[Round "2"]
[White "Pakosta,M"]
[Black "Rogalski,K"]
[Result "1-0"]
[WhiteElo "2177"]
[BlackElo "2016"]

1.e4 c5 2.c3 Nf6 3.e5 Nd5 4.d4 cxd4 5.Nf3 e6 6.cxd4 Be7 7.Nc3 Nxc3 8.bxc3 O-O
9.Bd3 d6 10.O-O dxe5 11.Nxe5 Nd7 12.f4 Nf6 13.Rf3 g6 14.Rh3 Qc7 15.Bd2 b6
16.Qc2 Bd6 17.Re1 Bb7 18.Ree3 Nd7 19.Bxg6 fxg6 20.Rxh7 Rf6 21.Reh3 Bxe5 22.Rh8+  1-0

[Event "5th Rohde Open"]
[Site "Sautron FRA"]
[Date "2005.10.23"]
[Round "2"]
[White "Adam,Et"]
[Black "Shirazi,K"]
[Result "1/2-1/2"]
[WhiteElo "2044"]
[BlackElo "2419"]

1.e4 c5 2.c3 Nf6 3.e5 Nd5 4.Nf3 d6 5.d4 cxd4 6.cxd4 Nc6 7.Bc4 Nb6 8.Bb5 Bd7
9.Nc3 dxe5 10.dxe5 a6 11.Bd3 Bg4 12.Bf4 Nd5 13.Nxd5 Qxd5 14.h3 Nb4 15.Qa4+ b5
16.Qxb4 Bxf3 17.Bxb5+ axb5 18.gxf3 Ra4 19.Qc3 Rc4 20.Rd1 Qc6 21.Qd3 f5 22.Be3 g6
23.Qd8+ Kf7 24.Qd5+ Qxd5 25.Rxd5 b4 26.Kd2 Bg7 27.b3 Rc6 28.Rc1 Ra6 29.Rc2 Ke6
30.Rb5 f4 31.Bxf4 Rha8 32.Rxb4 Rxa2 33.Rxa2 Rxa2+ 34.Ke3 Ra5 35.Bg3 Bh6+
36.f4 Kf5 37.Kf3 Ra8 38.Rb7 Bf8 39.Bh4 Re8 40.b4 h6 41.b5 g5 42.fxg5 hxg5
43.Bg3 Ra8 44.b6 Ra3+ 45.Kg2 Rb3 46.Kf1 Kg6 47.Rb8 Bg7 48.e6 Bf6 49.Ke2 Kf5
50.Kd2 Ke4 51.b7 Rb2+ 52.Kc1 Rb6 53.Kc2 Rb2+ 54.Kc1 Rb6 55.Kc2 Rb2+ 56.Kc1 Rb4
57.Kc2 Kf5 58.Kd3 Kxe6 59.Ke3 Bb2 60.Kf3 Rb3+ 61.Kg4 Bf6 62.Bh2 Rb4+ 63.Kf3 Kf7
64.Bg3 Bg7 65.Kg2  1/2-1/2

[Event "Chigorin Mem"]
[Site "St Petersburg RUS"]
[Date "2005.10.23"]
[Round "9"]
[White "Airapetian,G"]
[Black "Biriukov,O"]
[Result "1/2-1/2"]
[WhiteElo "2281"]
[BlackElo "2389"]

1.e4 c5 2.c3 Nf6 3.e5 Nd5 4.d4 cxd4 5.Nf3 Nc6 6.Bc4 Nb6 7.Bb3 d5 8.exd6 Qxd6
9.O-O Be6 10.Na3 Bxb3 11.axb3 a6 12.cxd4 Qd5 13.Qc2 Rc8 14.Nc4 Nxd4 15.Nxd4 Nxc4
16.bxc4 Rxc4 17.Qe2 Qxd4 18.Be3 Qe4 19.Rfd1 f6 20.Rac1 Rxc1 21.Rxc1 g6 22.Qd1 Kf7
23.Qb3+ Qe6 24.Qxb7 Bg7 25.Bb6 f5 26.Ba5 Be5 27.Qc6 Qxc6 28.Rxc6 Bxb2 29.Rxa6 Rc8
30.g3 Rc1+ 31.Kg2 Ra1 32.Rb6 Bd4 33.Rb5 Ra2 34.Be1 Re2 35.Rb4 Bf6 36.Rb1 g5
37.Kf3 Rc2 38.g4 f4 39.h4 h6 40.Rb3 Ke6 41.hxg5 hxg5 42.Rd3 Rc4 43.Bd2 Bd4
44.Ke2 Kd5 45.Rh3 Rc2 46.Kd3 Rxd2+ 47.Kxd2 Bxf2 48.Ke2 Be3 49.Rh7 e5 50.Rd7+ Ke4
51.Rf7 Bd4 52.Rf8 Bc5 53.Rf7 Bd4  1/2-1/2

[Event "Chigorin Mem"]
[Site "St Petersburg RUS"]
[Date "2005.10.23"]
[Round "9"]
[White "Khairullin,I"]
[Black "Ionov,S"]
[Result "1/2-1/2"]
[WhiteElo "2537"]
[BlackElo "2522"]

1.e4 c5 2.c3 Nf6 3.e5 Nd5 4.Nf3 Nc6 5.Bc4 Nb6 6.Bb3 d5 7.exd6 c4 8.Bc2 e5
9.d4 cxd3 10.Qxd3 Bxd6 11.O-O Qe7 12.Rd1 Bc7 13.b3 f5 14.Ba3 e4 15.Qe3 Qe6
16.Ng5  1/2-1/2

[Event "Open A"]
[Site "Liberec CZE"]
[Date "2005.10.24"]
[Round "3"]
[White "Pakosta,M"]
[Black "Vyskocil,N"]
[Result "1/2-1/2"]
[WhiteElo "2177"]
[BlackElo "2318"]

1.e4 c5 2.c3 Nf6 3.e5 Nd5 4.d4 cxd4 5.Nf3 e6 6.cxd4 b6 7.Nc3 Nxc3 8.bxc3 Qc7
9.Bd2 d6 10.Rc1 Nd7 11.exd6 Bxd6 12.Bd3 Bb7 13.c4 O-O 14.h3 Bf4 15.Rc2 Nf6
16.O-O Bxd2 17.Rxd2 Qf4 18.Ne5 g6 19.Re1 Rfd8 20.g3 Qh6 21.Bf1 Rac8 22.Bg2 Bxg2
23.Kxg2 Nd7 24.Ng4 Qg7 25.d5 e5 26.Rde2 f6 27.f4 h5 28.Ne3 Re8 29.Rf2 exf4
30.Rxf4 Re5 31.Nc2 Qe7 32.Rxe5 Nxe5 33.Qf1 f5 34.Nd4 Nxc4 35.Kh2 Ne3 36.Qd3 Qe5
37.d6 Nd5 38.d7 Rd8 39.Qc4 Kf7 40.Nf3 Qb2+ 41.Kh1 Rxd7 42.Rd4 Qb1+ 43.Kh2 b5
44.Qc6 Ke7 45.Qc5+ Kf7 46.Qc6 Ke7  1/2-1/2

[Event "2nd Rapid"]
[Site "D'Ajaccio FRA"]
[Date "2005.10.26"]
[Round "1"]
[White "Ferrandi,B"]
[Black "Shirov,A"]
[Result "0-1"]
[WhiteElo "1978"]
[BlackElo "2710"]

1.e4 c5 2.c3 Nf6 3.d3 Nc6 4.Be3 e5 5.Nf3 d5 6.exd5 Nxd5 7.Be2 Be7 8.O-O O-O
9.d4 cxd4 10.cxd4 e4 11.Nfd2 f5 12.f3 Nxe3 13.Qb3+ Nd5 14.Nc3 Be6 15.Qxb7 Nxd4
16.Bc4 Nxc3 17.Bxe6+ Nxe6 18.bxc3 Nc5 19.Qb5 Qxd2 20.Rfd1 Qe3+ 21.Kh1 exf3
22.gxf3 Qxf3+ 23.Kg1 Ne4 24.Qf1 Bc5+  0-1

[Event "SCG First League m"]
[Site "Vrnjacka Banja SCG"]
[Date "2005.10.27"]
[Round "11"]
[White "Laketic,G"]
[Black "Antic,De"]
[Result "0-1"]
[WhiteElo "2479"]
[BlackElo "2519"]

1.e4 c5 2.c3 Nf6 3.e5 Nd5 4.d4 cxd4 5.Nf3 e6 6.cxd4 d6 7.Nc3 Nxc3 8.bxc3 Qc7
9.Bd2 Nd7 10.exd6 Bxd6 11.Bd3 b6 12.Ng5 Nf6 13.Ne4 Nxe4 14.Bxe4 Bb7 15.Qa4+ Ke7
16.Bxb7 Qxb7 17.O-O Rhc8 18.c4 Qc6 19.Qa6 Qxc4 20.Qb7+ Qc7 21.Qe4 Bxh2+ 22.Kh1 Bd6
23.Rac1 Qd7 24.Rxc8 Rxc8 25.Qh4+ Ke8 26.Qxh7 Qb5 27.Re1 Kd7 28.Kg1 Bf8 29.Bf4 Qf5
30.Qh4 Be7 31.Qg3 g5 32.Be5 Bb4 33.Kf1 Rc3 34.Qh2 f6 35.Bb8 a6 36.Qh8 Rc8
37.Qg7+ Be7 38.Bg3 Qd5 39.Qh7 Qxa2 40.d5 Qxd5  0-1

[Event "9th Bavarian Open"]
[Site "Bad Wiessee GER"]
[Date "2005.10.30"]
[Round "2"]
[White "Vysochin,S"]
[Black "Graf,F"]
[Result "1-0"]
[WhiteElo "2578"]
[BlackElo "2187"]

1.e4 c5 2.c3 Nf6 3.e5 Nd5 4.Nf3 Nc6 5.d4 cxd4 6.cxd4 e6 7.Bc4 Nb6 8.Bd3 d6
9.O-O Qc7 10.Nc3 a6 11.Bf4 d5 12.Rc1 h6 13.h4 Be7 14.h5 Bd7 15.a3 Rc8 16.Re1 Qb8
17.Bg3 Na5 18.Nd2 Nbc4 19.Nxc4 dxc4 20.Be4 Nb3 21.Rc2 O-O 22.d5 Bc5 23.d6 b5
24.Qg4 Kh8 25.Bh4 Bb6 26.Be7 Rfe8 27.Qf4 Kg8 28.Bf6  1-0

[Event "9th Bavarian Open"]
[Site "Bad Wiessee GER"]
[Date "2005.10.31"]
[Round "3"]
[White "Lupor,A"]
[Black "Bobras,P"]
[Result "1/2-1/2"]
[WhiteElo "2269"]
[BlackElo "2563"]

1.e4 c5 2.c3 Nf6 3.e5 Nd5 4.d4 cxd4 5.Nf3 Nc6 6.Bc4 Nb6 7.Bb3 d5 8.exd6 Qxd6
9.O-O Be6 10.Bxe6 Qxe6 11.Nxd4 Nxd4 12.Qxd4 Rd8 13.Qh4 h5 14.h3 Qe2 15.Bd2 e6
16.Re1 Qc4 17.Qg3 h4 18.Qf3 Qd5 19.Qxd5 Rxd5 20.b3 Bc5 21.c4 Rd3 22.Bc3 Ke7
23.Kf1 Rhd8 24.Ke2 g5 25.Rc1 Nc8 26.Nd2 Ba3 27.Rc2 Rxc3 28.Rxc3 Bb2 29.Rac1 Bxc1
30.Rxc1 Nd6 31.c5 Nb5 32.Rc4 Nd4+ 33.Ke3 Nf5+ 34.Ke2 Nd4+ 35.Ke3 Nf5+ 36.Ke2  1/2-1/2

[Event "9th Bavarian Open"]
[Site "Bad Wiessee GER"]
[Date "2005.11.03"]
[Round "6"]
[White "Pirrot,D"]
[Black "Kauch,M"]
[Result "1/2-1/2"]
[WhiteElo "2401"]
[BlackElo "2232"]

1.e4 c5 2.c3 Nf6 3.e5 Nd5 4.d4 cxd4 5.Qxd4 e6 6.Nf3 Nc6 7.Qe4 f5 8.exf6 Nxf6
9.Qh4 d5 10.Bd3 Bd6 11.Ng5 e5 12.Bg6+ Ke7 13.Nxh7 Kd7 14.Nxf6+ gxf6 15.Qg3 Ne7
16.Bc2 Kc7 17.Na3 Bd7 18.Qf3 Qg8 19.Be3 f5 20.g3 d4 21.Bb3 Qg4 22.Qxg4 fxg4
23.cxd4 Bc6 24.O-O-O Bxh1 25.Nb5+ Kc6 26.Ba4 Bf3 27.Rd3 Nd5 28.dxe5 Nxe3
29.Rxd6+ Kc5 30.fxe3 Rac8 31.a3 Rc6 32.Rd7 a6 33.Rxb7 axb5 34.Rxb5+ Kc4 35.Rb4+ Kd3+
36.Bxc6 Bxc6 37.Rxg4 Rxh2 38.b3 Be4 39.Rh4 Rf2 40.Rh6 Kxe3 41.Rd6 Rc2+  1/2-1/2

[Event "ch-CRO"]
[Site "Vukovar CRO"]
[Date "2005.11.09"]
[Round "3"]
[White "Stevic,H"]
[Black "Kozul,Z"]
[Result "1/2-1/2"]
[WhiteElo "2514"]
[BlackElo "2576"]

1.e4 c5 2.c3 Nf6 3.e5 Nd5 4.d4 cxd4 5.Nf3 Nc6 6.cxd4 d6 7.Bc4 e6 8.O-O Be7
9.Qe2 O-O 10.Rd1 a6 11.Nc3 Nxc3 12.bxc3 dxe5 13.dxe5 Qc7 14.Qe4 g6 15.Bh6 Rd8
16.Qf4 Rxd1+ 17.Rxd1 Bd7 18.Bg5 Be8 19.h4 Bxg5 20.Qxg5 Rd8 21.Rxd8 Qxd8 22.Qh6 Qa5
23.Qe3 h5 24.Bb3 Ne7 25.Qg5 Qc5 26.Qd2 Nc6 27.Qe3 Qxe3 28.fxe3 Nb8 29.Kf2 Bc6
30.Bc2 Bd5 31.a3 Bxf3 32.gxf3 Nd7 33.f4 Kf8 34.e4 Nb8 35.Ke3 Nc6 36.Ba4 b5
37.Bd1 Ke7 38.a4 bxa4 39.Bxa4 Kd7 40.c4 Kc7 41.c5 Kb7 42.Kd3  1/2-1/2

[Event "zt 2.5"]
[Site "Las Condes CHI"]
[Date "2005.11.10"]
[Round "7"]
[White "Diaz,Rob"]
[Black "Sepulveda,Jor"]
[Result "1-0"]
[WhiteElo "2250"]
[BlackElo "2241"]

1.e4 c5 2.c3 Nf6 3.e5 Nd5 4.d4 cxd4 5.Nf3 Nc6 6.Bc4 Nb6 7.Bb3 d6 8.exd6 Qxd6
9.O-O d3 10.Na3 Bf5 11.Nb5 Qd8 12.Bf4 Rc8 13.Re1 e6 14.Nfd4 a6 15.Nxc6 Rxc6
16.Nd4 Be7 17.Nxc6 bxc6 18.Qf3 Qd7 19.a4 a5 20.Rad1 c5 21.c4 O-O 22.Bc2 Rd8
23.b3 e5 24.Bxe5 d2 25.Qxf5 Qxf5 26.Bxf5 dxe1=Q+ 27.Rxe1 Na8 28.Bc3 Kf8 29.Bxa5 Rb8
30.Bc2 Rb7 31.g3 Nc7 32.Be4  1-0

[Event "WJun"]
[Site "Instanbul TUR"]
[Date "2005.11.11"]
[Round "3"]
[White "El Debs,F"]
[Black "Alekseev,Evgeny"]
[Result "0-1"]
[WhiteElo "2341"]
[BlackElo "2632"]

1.e4 c5 2.c3 Nf6 3.e5 Nd5 4.Bc4 Nb6 5.Bb3 d6 6.Nf3 c4 7.Bc2 Nc6 8.exd6 Bg4
9.d4 cxd3 10.Qxd3 e6 11.Bf4 Nd5 12.Bg3 Bxd6 13.O-O Bxg3 14.hxg3 Qb6 15.Bb3 O-O-O
16.Na3 h5 17.Qe4 Nf6 18.Qf4 Bxf3 19.Nc4 Qc7 20.Qxc7+ Kxc7 21.gxf3 b5 22.Na3 a6
23.Rad1 Ne5 24.f4 Nd3 25.Rd2 Rd6 26.Bc2 Rhd8 27.Bxd3 Rxd3 28.Re2 h4 29.gxh4 Rf3
30.Nc2 Rxf4 31.a4 bxa4 32.Nd4 Rd5 33.Re3 e5 34.Ne2 Rxh4 35.Rg3 Nh5 36.Rf3 f6
37.Ng3 Nf4 38.c4 Rd2  0-1

[Event "British Rapidplay"]
[Site "Halifax ENG"]
[Date "2005.11.12"]
[Round "6"]
[White "Surtees,M"]
[Black "Ansell,S"]
[Result "1-0"]
[WhiteElo "2157"]
[BlackElo "2383"]

1.e4 c5 2.c3 Nf6 3.f3 e5 4.c4 Nc6 5.g3 d6 6.Bg2 g6 7.d3 Bg7 8.Ne2 O-O 9.O-O Ne8
10.Nbc3 Nc7 11.Nd5 Nxd5 12.cxd5 Ne7 13.f4 exf4 14.gxf4 f5 15.Qc2 Bd7 16.Bd2 Rc8
17.Bc3 c4 18.e5 Bb5 19.Nd4 cxd3 20.Qf2 Qd7 21.Ne6 dxe5 22.Nxf8 Bxf8 23.d6 Qxd6
24.fxe5 Qe6 25.Qxa7 Nd5 26.Bd4 Rc2 27.Rf2 Bc6 28.Raf1 f4 29.Kh1 d2 30.Rd1 Qg4
31.Rfxd2 Rxd2 32.Rxd2 f3 33.Bf1 Ne3 34.Rf2 Nxf1  1-0

[Event "TCh-HUN 2005-6"]
[Site "Hungary HUN"]
[Date "2005.11.13"]
[Round "3"]
[White "Vajda,L"]
[Black "Sikula,V"]
[Result "1-0"]
[WhiteElo "2547"]
[BlackElo "2486"]

1.e4 c5 2.c3 Nf6 3.e5 Nd5 4.d4 cxd4 5.Nf3 Nc6 6.cxd4 d6 7.Bc4 Nb6 8.Bb5 dxe5
9.Nxe5 Bd7 10.Nxd7 Qxd7 11.Nc3 e6 12.O-O Rc8 13.Bg5 Bb4 14.Ne4 a6 15.Bxc6 Qxc6
16.Qd3 f5 17.Ng3 O-O 18.Nh5 Nd5 19.Rac1 Qd7 20.Nf4 h6 21.Nxd5 Qxd5 22.Bf4 Qxa2
23.b3 g5 24.Qe3 Kf7 25.d5 exd5 26.Qe5 Rxc1 27.Qxf5+ Ke7 28.Qe5+ Kf7 29.Rxc1 Kg6
30.Qe6+ Rf6 31.Qe8+ Kf5 32.Be3 Bd2 33.h3 h5 34.Rd1 Re6 35.Qf7+  1-0

[Event "TCh-HUN 2005-6"]
[Site "Hungary HUN"]
[Date "2005.11.13"]
[Round "3"]
[White "Rovid,K"]
[Black "Grabics,M"]
[Result "0-1"]
[WhiteElo "2334"]
[BlackElo "2306"]

1.e4 c5 2.c3 Nf6 3.e5 Nd5 4.d4 cxd4 5.Nf3 Nc6 6.cxd4 d6 7.Bc4 dxe5 8.Nxe5 e6
9.Nxc6 bxc6 10.O-O Bd6 11.Nc3 O-O 12.Re1 Nxc3 13.bxc3 c5 14.Qh5 cxd4 15.cxd4 Qc7
16.Bd3 g6 17.Qh6 Qc3 18.Bg5 f5 19.Rad1 Rf7 20.Bb5 Bf8 21.Qh4 Bg7 22.Ba4 a5
23.h3 Bd7 24.Bb3 a4 25.Bxe6 Bxe6 26.Rxe6 Qc4 27.d5 Qxa2 28.Qb4 a3 29.Re7 Qc2
30.Rc1 Qb2 31.Qc4 Rxe7 32.Bxe7 Qxc1+ 33.Qxc1 a2 34.Qc4 a1=Q+ 35.Kh2 Qe5+
36.f4 Qxe7 37.d6+ Qf7  0-1

[Event "WJun Girls"]
[Site "Instanbul TUR"]
[Date "2005.11.14"]
[Round "6"]
[White "Ursic,Sim"]
[Black "Sharevich,A"]
[Result "0-1"]
[WhiteElo "2040"]
[BlackElo "2305"]

1.e4 c5 2.c3 Nf6 3.e5 Nd5 4.d4 cxd4 5.Nf3 e6 6.cxd4 Nc6 7.Bc4 d6 8.O-O Be7
9.Qe2 O-O 10.Qe4 Bd7 11.Qg4 f5 12.exf6 Bxf6 13.Nc3 Nce7 14.Bg5 Qc8 15.Bb3 Nxc3
16.bxc3 Kh8 17.Rfe1 e5 18.Qh5 Bg4 19.Qh4 Bxf3 20.gxf3 Qf5 21.Bxf6 Rxf6 22.Re3 Raf8
23.dxe5 dxe5 24.Rd1 Qg6+ 25.Qg3 Nf5 26.Qxg6 Rxg6+ 27.Kf1 Nxe3+ 28.fxe3 Rxf3+
29.Ke2 Rf8 30.Rd7 e4 31.Rxb7 Rg2+ 32.Ke1 Rg1+ 33.Ke2 Rgf1 34.Rf7 R1xf7  0-1